5HLuxD.jpg

KING HENRY VIII SENIOR AND PRIMARY SCHOOL LIBRARY OPAC

When Jessie came across the sea / (Record no. 2475)

000 -LEADER
fixed length control field 00895pam a2200265 a 4500
001 - CONTROL NUMBER
control field 013769459
003 - CONTROL NUMBER IDENTIFIER
control field UkOxU
005 - DATE AND TIME OF LATEST TRANSACTION
control field 20230602132503.0
008 - FIXED-LENGTH DATA ELEMENTS--GENERAL INFORMATION
fixed length control field 990628s1997 enka j 000 1 eng d
015 ## - NATIONAL BIBLIOGRAPHY NUMBER
National bibliography number GB 98-53191
020 ## - INTERNATIONAL STANDARD BOOK NUMBER
International Standard Book Number 9781444900170 (pbk.)
035 ## - SYSTEM CONTROL NUMBER
System control number BNB2547.1306
040 ## - CATALOGING SOURCE
Transcribing agency AB/N-1
Modifying agency KH8
082 0# - DEWEY DECIMAL CLASSIFICATION NUMBER
Classification number 823.914 HES
Edition number 21
100 1# - MAIN ENTRY--PERSONAL NAME
Personal name Hest, Amy.
Relator term author
245 10 - TITLE STATEMENT
Title When Jessie came across the sea /
Statement of responsibility, etc. Amy Hest ; illustrated by P.J. Lynch.
260 ## - PUBLICATION, DISTRIBUTION, ETC.
Place of publication, distribution, etc. London :
Name of publisher, distributor, etc. Walker,
Date of publication, distribution, etc. [1997].
300 ## - PHYSICAL DESCRIPTION
Extent [40] p. :
Other physical details chiefly col. ill. ;
Dimensions 27 x 29 cm.
650 #0 - SUBJECT ADDED ENTRY--TOPICAL TERM
Topical term or geographic name entry element Jews
Geographic subdivision United States
Form subdivision Juvenile fiction.
650 #0 - SUBJECT ADDED ENTRY--TOPICAL TERM
Topical term or geographic name entry element Grandmothers
Geographic subdivision United States
Form subdivision Juvenile fiction.
650 #0 - SUBJECT ADDED ENTRY--TOPICAL TERM
Topical term or geographic name entry element Lace and lace making
Geographic subdivision United States
Form subdivision Juvenile fiction.
651 #0 - SUBJECT ADDED ENTRY--GEOGRAPHIC NAME
Geographic name United States
General subdivision Emigration and immigration
Form subdivision Juvenile fiction.
700 1# - ADDED ENTRY--PERSONAL NAME
Personal name Lynch, Patrick,
Dates associated with a name 1962-
Relator term ill.
942 ## - ADDED ENTRY ELEMENTS (KOHA)
Source of classification or shelving scheme
Koha item type Books - Fiction
Holdings
Withdrawn status Lost status Source of classification or shelving scheme Damaged status Not for loan Collection code Permanent Location Current Location Shelving location Date acquired Total Checkouts Full call number Barcode Date last seen Date last checked out Price effective from Koha item type
          Fiction KH8 Primary School Library KH8 Primary School Library Non Fiction 2023-06-02 5 823.914 HES KHPL000004229 2025-12-05 2025-05-08 2023-06-02 Books - Fiction

Powered By KH8 IT Dept